000
00199 a2200097 4500
020
_a
9781400059362
041
_a
spa
100
_a
Alexa Payan
245
_a
Flora Tristan Duena Del Porvenir
942
_c
BK
999
_c
2989
_d
2989